| 000 | 01207nam a22002537a 4500 | ||
|---|---|---|---|
| 999 |
_c6521 _d6521 |
||
| 003 | OSt | ||
| 005 | 20200214092743.0 | ||
| 008 | 200214s2019 ck a||||r|||| 00| 0bspa d | ||
| 020 | _a9789584858450 | ||
| 040 |
_aCO-JMCR _cCO-JMCR |
||
| 082 | 0 | 4 |
_a336.3909861 / _bM828i |
| 100 | 1 |
_aMorales Domínguez, David Fernando, _eautor _9275 |
|
| 245 | 1 | 3 |
_aLa implementación del nuevo clasificador presupuestal en Colombia _cDavid Fernando Morales Domínguez |
| 250 | _aPrimera edición | ||
| 260 |
_aBogotá : _bDavid Fernando Morales Domínguez, _c2019 |
||
| 300 |
_a380 páginas : _bIlustraciones a blanco y negro ; _c23 cm. |
||
| 500 | _aDatos biográficos del autor en tapa posterior. | ||
| 500 | _aIncluye notas a pie de páginas. | ||
| 505 | _aEl nuevo clasificador presupuestal -- El nuevo clasificador presupuestal de los ingresos públicos -- Equivalencia entre el antiguo y el nuevo clasificador del ingreso -- El nuevo clasificador del presupuesto de gasto -- Equivalencias entre el antiguo y el nuevo clasificador del gasto | ||
| 650 | 2 | 4 |
_aGastos públicos _zColombia _9582 |
| 650 | 2 | 4 |
_aPolítica fiscal _zColombia _9583 |
| 650 | 2 | 4 |
_aPolítica de gastos públicos _zColombia _9584 |
| 942 |
_2ddc _cBK |
||